• 首页
  • 本馆介绍
  • 公告通知
  • 最新文献
  • 馆藏检索
  • 电子资源
  • 读者导购
  • 参考咨询
  • 我的图书馆
  • 登录
  • 详细信息显示
  • 放入我的书架
  • 预约/预借图书
  • 作者相关作品
  • 分类相关作品
  • 丛书相关作品
  • 出版社相关作品

书目信息

  • 表格格式
  • 工作单格式
  • 卡片格式
题名:
周恩来与文艺
    
 
作者: ;中国社会科学院文学研究所图书资料室 编
分册: 下  
出版信息: 北京   中国社会科学出版社  1980
页数: 445页
开本: 20cm
丛书名:
单 册:
中图分类: I200
科图分类:
主题词: 文学--中国
电子资源:
ISBN:
000 00696nam0 2200229 45
001 0180002849
005 20070927112050.23
010    @dCNY1.20
091    @b10190.022
100    @a19960215d1980 emky0chiy0121 ea
101 0  @achi
102    @aCN@b110000
105    @ay z 000yy
106    @ar
200 10 @a周恩来与文艺@Azhou en lai yu wen yi@h下@f中国社会科学院文学研究所图书资料室编
210    @a北京@c中国社会科学出版社@d1980
215    @a445页@d20cm
606 0  @a文学@x中国
690    @aI200@v3
711 02 @a中国社会科学院文学研究所图书资料室@Azhong guo she hui ke xue yuan wen xue yan jiu suo tu shu zi liao shi@4编
801  0 @aCN@bNLC@c20070927
905    @f2@b64878-879@dI200@e2:2
    
    周恩来与文艺.下/中国社会科学院文学研究所图书资料室编.-北京:中国社会科学出版社,1980
    445页;20cm
    
    
    ISBN :CNY1.20
    
●
相关链接 在E读中查询图书 在五车中查询图书 在当当中查询图书 在豆瓣中查询图书


正题名:周恩来与文艺     索取号:I200/2:2         预约/预借

序号 登录号 条形码 馆藏地/架位号 状态 备注
1 0064878   000665373   第一样本阅览室/ [索取号:I200/2:2] 在馆    
2 0064879   000665300   第二借阅区/ [索取号:I200/2:2] 在馆    
唐山师范学院图书馆 欢迎您!
大连网信软件有限公司© 版权所有